<?xml version="1.0" encoding="UTF-8"?>
<record
    xmlns:xsi="http://www.w3.org/2001/XMLSchema-instance"
    xsi:schemaLocation="http://www.loc.gov/MARC21/slim http://www.loc.gov/standards/marcxml/schema/MARC21slim.xsd"
    xmlns="http://www.loc.gov/MARC21/slim">

  <leader>02964nam a2200409 i 4500</leader>
  <controlfield tag="001">193175</controlfield>
  <controlfield tag="003">SpMaBN</controlfield>
  <controlfield tag="005">20250630060301.0</controlfield>
  <controlfield tag="007">ta</controlfield>
  <controlfield tag="008">230930s2015    sp a   | |||| 000 f spa  </controlfield>
  <datafield tag="017" ind1=" " ind2=" ">
    <subfield code="a">M 15638-2015</subfield>
    <subfield code="b">Oficina Dep&#xF3;sito Legal Madrid</subfield>
  </datafield>
  <datafield tag="020" ind1=" " ind2=" ">
    <subfield code="a">9788490604205</subfield>
  </datafield>
  <datafield tag="035" ind1=" " ind2=" ">
    <subfield code="a">(OCoLC)921826779</subfield>
  </datafield>
  <datafield tag="035" ind1=" " ind2=" ">
    <subfield code="a">a5666103</subfield>
  </datafield>
  <datafield tag="040" ind1=" " ind2=" ">
    <subfield code="a">SpMaBN</subfield>
    <subfield code="b">spa</subfield>
    <subfield code="c">SpMaBN</subfield>
    <subfield code="e">rdc</subfield>
    <subfield code="d">ES-MaACL</subfield>
  </datafield>
  <datafield tag="080" ind1=" " ind2=" ">
    <subfield code="a">821.134.2-31"20"</subfield>
  </datafield>
  <datafield tag="100" ind1=" " ind2=" ">
    <subfield code="a">Garc&#xED;a Mateache, Aurora,</subfield>
    <subfield code="d">1982-</subfield>
    <subfield code="0">XX5498117</subfield>
    <subfield code="e">aut</subfield>
    <subfield code="9">234262</subfield>
  </datafield>
  <datafield tag="245" ind1="1" ind2="3">
    <subfield code="a">La favorita :</subfield>
    <subfield code="b">la historia de amor entre Alfonso XII y Elena Sanz /</subfield>
    <subfield code="c">Aurora Garc&#xED;a Mateache.</subfield>
  </datafield>
  <datafield tag="250" ind1=" " ind2=" ">
    <subfield code="a">Segunda edici&#xF3;n: septiembre de 2015</subfield>
  </datafield>
  <datafield tag="260" ind1=" " ind2=" ">
    <subfield code="a">Madrid :</subfield>
    <subfield code="b">La Esfera de los Libros,</subfield>
    <subfield code="c">2015</subfield>
  </datafield>
  <datafield tag="300" ind1=" " ind2=" ">
    <subfield code="a">357 p&#xE1;ginas, [32] p&#xE1;ginas de l&#xE1;minas (blanco y negro) ;</subfield>
    <subfield code="c">25 cm</subfield>
  </datafield>
  <datafield tag="336" ind1=" " ind2=" ">
    <subfield code="a">Texto (visual)</subfield>
    <subfield code="2">isbdcontent</subfield>
  </datafield>
  <datafield tag="337" ind1=" " ind2=" ">
    <subfield code="a">sin mediaci&#xF3;n</subfield>
    <subfield code="2">isbdmedia</subfield>
  </datafield>
  <datafield tag="338" ind1=" " ind2=" ">
    <subfield code="2">rdacarrier</subfield>
    <subfield code="a">volumen</subfield>
  </datafield>
  <datafield tag="490" ind1="1" ind2=" ">
    <subfield code="a">Novela hist&#xF3;rica</subfield>
  </datafield>
  <datafield tag="520" ind1=" " ind2=" ">
    <subfield code="a">A mediados del siglo XIX, en el hospicio de Las Ni&#xF1;as de Legan&#xE9;s, la joven Elena Sanz so&#xF1;aba que, alg&#xFA;n d&#xED;a, llegar&#xED;a a cantar una &#xF3;pera en el Teatro Real de Madrid.

Su talento y belleza le hicieron superar todos sus sue&#xF1;os. Gracias a su voz conquist&#xF3; los escenarios de toda Europa, desde el palco imperial del zar Alejandro II hasta el coraz&#xF3;n de Emilio Castelar, que la defini&#xF3; como "una divinidad egipcia (...) por cuya belleza hubiera perecido Antonio de Roma". Pero lo que la "Bella del Re" nunca pudo imaginar es que compartir&#xED;a el tr&#xE1;gico destino del personaje que la llev&#xF3; a la fama: "La Favorita" de Donizetti. Al igual que la amante de Alfonso XI, Elena fue desterrada por el amor de un rey, en este caso, Alfonso XII.

Atrapada en una trama de seducci&#xF3;n, celos, traici&#xF3;n y alta pol&#xED;tica, la contralto dio dos hijos ileg&#xED;timos al monarca que provocaron el esc&#xE1;ndalo de la sociedad de la &#xE9;poca y el deseo de justicia de una de las reinas con m&#xE1;s poder de toda Europa, la regente Mar&#xED;a Cristina de Habsburgo.
De la magia de su voz no qued&#xF3; grabaci&#xF3;n alguna. Su nombre fue proscrito. Pero su historia de amor, condenada antes de nacer, vuelve a ser contada en esta novela con el tel&#xF3;n de fondo de la suntuosa y delirante Europa de la emperatriz Eugenia de Montijo, Sof&#xED;a Troubetzkoy, C&#xE1;novas del Castillo, Alb&#xE9;niz y Conan Doyle. </subfield>
  </datafield>
  <datafield tag="600" ind1="1" ind2="4">
    <subfield code="a">Sanz, Elena,</subfield>
    <subfield code="9">234323</subfield>
    <subfield code="d">1844-1898</subfield>
  </datafield>
  <datafield tag="655" ind1=" " ind2="7">
    <subfield code="a">Novelas hist&#xF3;ricas</subfield>
    <subfield code="2">tgfbne</subfield>
    <subfield code="9">226782</subfield>
  </datafield>
  <datafield tag="830" ind1=" " ind2=" ">
    <subfield code="a">Novela hist&#xF3;rica (La Esfera de los Libros)</subfield>
    <subfield code="9">234263</subfield>
  </datafield>
  <datafield tag="852" ind1=" " ind2=" ">
    <subfield code="a">ES-MaACL</subfield>
    <subfield code="b">R.154578</subfield>
    <subfield code="9">200551</subfield>
    <subfield code="j">N-9338</subfield>
    <subfield code="c">DEPOJ</subfield>
    <subfield code="x">Encuadernaci&#xF3;n carton&#xE9; con sobrecubiertas</subfield>
    <subfield code="h">Donaci&#xF3;n: Aurora Garc&#xED;a Mateache</subfield>
  </datafield>
  <datafield tag="903" ind1=" " ind2=" ">
    <subfield code="a">Garc&#xED;a Mateache, Aurora,</subfield>
    <subfield code="d">1982-</subfield>
    <subfield code="e">dnr</subfield>
    <subfield code="9">234262</subfield>
  </datafield>
  <datafield tag="942" ind1=" " ind2=" ">
    <subfield code="n">0</subfield>
    <subfield code="c">MONOGRAFIA</subfield>
  </datafield>
  <datafield tag="999" ind1=" " ind2=" ">
    <subfield code="c">193175</subfield>
    <subfield code="d">193175</subfield>
  </datafield>
  <datafield tag="952" ind1=" " ind2=" ">
    <subfield code="0">0</subfield>
    <subfield code="1">0</subfield>
    <subfield code="2">udc</subfield>
    <subfield code="3">Enc. carton&#xE9;</subfield>
    <subfield code="4">0</subfield>
    <subfield code="7">0</subfield>
    <subfield code="a">ATENEOM</subfield>
    <subfield code="b">ATENEOM</subfield>
    <subfield code="c">DEPOJ</subfield>
    <subfield code="d">2023-09-30</subfield>
    <subfield code="e">DONACION</subfield>
    <subfield code="j">1</subfield>
    <subfield code="l">0</subfield>
    <subfield code="o">N-9338</subfield>
    <subfield code="p">101205846</subfield>
    <subfield code="r">2023-09-30 00:00:00</subfield>
    <subfield code="y">MONOGRAFIA</subfield>
  </datafield>
</record>
